| 000 | 00591nam a2200133Ia 4500 | ||
|---|---|---|---|
| 008 | 171212s9999 xx 000 0 und d | ||
| 020 | _a9780833049810 | ||
| 100 | _aJenkins, Brian Michael | ||
| 245 |
_cJenkins, Brian Michael _aWould-Be Warriors _bIncidents of Jihadist Terrorist Radicalization in the United States Since September 11, 2001 |
||
| 260 |
_bRAND Corporation _c2010 |
||
| 650 | _aPolitical Science | ||
| 650 | _aTerrorism -- United States; Terrorists -- Recruiting -- United States; Terrorism -- Religious aspects -- Islam; Jihad | ||
| 856 | _uwww.jstor.org/stable/10.7249/op292rc | ||
| 999 |
_c352828 _d352828 |
||